000 00654nam a22001937a 4500
003 BD-RjUL
005 20250205130554.0
008 250205s1975 ii ||||| |||| 00| 0 urd d
035 _a(BD-RjUL)
040 _aBD-RjUL
_beng
_cBD-RjUL
041 _aurd
082 _223
_a891.55109
100 _aمحمد عاطف، خان ;; Muhammad Atif, Khan
_914894
245 1 0 _aفارسی شاعری میں طنز و مزاح ;; farsi shaari min tans w mazaj /
_cخان محمد عاطف ;; Khan Muhammad Atif
260 _aلکہنو :
_bاردو پبلشر ,
_c1975
300 _a144 p. ;
_c23 cm
650 _aPersian Poetry
_vHomor
_914895
942 _2ddc
_cBK
999 _c84641
_d84641